Statistics for Marvel Characters by Picture #2

Click here to take the quiz!

General Stats

  • This quiz has been taken 38 times
  • The average score is 14 of 16

Answer Stats

Answer% Correct
Thanos
100%
Loki
97%
Vision
97%
Scarlet Witch
95%
Drax
92%
Wasp
92%
Gamora
89%
MJ
89%
Ultron
89%
Winter Soldier
89%
Mysterio
84%
Nebula
84%
Shang-Chi
84%
War Machine
81%
Ms Marvel
62%
Okoye
51%

Score Distribution

Percentile by Number Answered

Percent of People with Each Score

Your Score History

You have not taken this quiz